000 01868nam0a2200349 4500
001 RU\NLR\bibl\960961
005 20260405110008.0
010 _a5-98408-054-0
_91000
021 _aRU
_b2006-33106
_91655
035 _a(NLR Aleph) 000948992
090 _a267647
_c267647
100 _a20060621d2006 |||y0rusy50 ca
101 0 _arus
_aeng
102 _aRU
105 _aa |||||||||
200 1 _aВыживаемость онкологических больных
_dSurvival of cancer patients
_fВ.М. Мерабишвили
_gПопуляц. раковый регистр Мед. информ.-аналит. центра Санкт-Петербурга, НИИ онкологии им. проф. Н.Н. Петрова, Науч.-метод. совет по развитию информ. технологий онкол. службы Сев.-Зап. федер. округа России
_zeng
210 _aСанкт-Петербург
_cфирма КОСТА
_d2006
215 _a438 с., [1] л. портр.
_cил.
_d29
300 _aАвт. также на англ. яз.: V.M. Merabishvili
300 _aТекст парал. на рус. и англ. яз.
320 _aБиблиогр.: с. 416-420 (94 назв.)
510 1 _6z73790
_aSurvival of cancer patients
_zeng
606 1 _aОнкологические больные
_xВыживаемость
_yСанкт-Петербург, город
_92436109
_3RU\NLR\auth\661449616
686 _aР11(2)062.56
700 1 _4070
_8rus
_7ca
_aМерабишвили
_bВ. М.
_f1941-
_gВахтанг Михайлович
_3RU\NLR\AUTH\7741232
_924182
790 1 _4070
_8rus
_7ba
_aMerabišvili
_bV. M.
_f1941-
_gVachtang Michajlovič
_3RU\NLR\auth\7741233
_924183
801 0 _aRU
_bNLR
_c20060621
_grcr
801 1 _aRU
_bNLR
_c20060621
830 _aАвт. по кн
942 _cBOOK
980 _aNB